000 00688nam a22002411c 4500
001 a987677715
008 161028s2016 gw |||| 000u rus d
020 _a9785824320213
_9978-5-8243-2021-3
041 _arus
100 1 _aDupuis, Eleonore
240 1 0 _aBefreiungskind
245 0 0 _aJa najdu tebja, otec :
_bavstrijskaja doč' sovetskogo soldata iščet svoi korni v Rossii /
_cEleonore Dupuis
264 _aMoskva :
_bROSSPEN,
_c2016
300 _a111 S.
650 0 _aRussischer Soldat
650 0 _aBesatzungszone
650 0 _aWeltkrieg <1939-1945>
651 0 _aSowjetunion
651 0 _aÖsterreich
942 _cMG
040 _cRU-10907106
003 RU-10907106
999 _c39199
_d39199